| 000 | 01417nam a2200385 a 4500 | ||
|---|---|---|---|
| 001 | 60657 | ||
| 003 | CO-BoRNBP | ||
| 005 | 20260310214202.0 | ||
| 007 | ta | ||
| 008 | 970416s1996 ck a jr 000 j spa | ||
| 020 | _a9789583003233 | ||
| 020 | _a9583003239 (colección) | ||
| 020 | _a9789583003325 | ||
| 020 | _a9583003328 | ||
| 040 |
_aCO-BoBN _bspa _cCO-BoBN _erda |
||
| 082 | 0 | 4 |
_aC _bCHA1 |
| 084 | _a431 | ||
| 100 | 1 |
_aLamb, Charles, _d1775-1834 _939325 |
|
| 245 | 1 | 1 |
_a[Cajón de cuentos] : _bWilliam Shakespeare] / _cversión de Charles y Mary Lamb ; traducción de Jorge Roa ; ilustrado por Henry González y Nancy Granada ; [selección Martín Moreno] |
| 250 | _a1a. ed. | ||
| 300 |
_a114 p. : _bil. col. ; _c16 cm |
||
| 336 |
_2rdacontenido _atexto _btxt |
||
| 337 |
_2rdamedio _asin mediación _bn |
||
| 338 |
_2rdasoporte _avolumen _bnc |
||
| 490 | 0 | 0 | _aCajón de cuentos |
| 500 | _a"La presente edición es tomada de la traducción de Jorge Roa editor, Bogotá, 1898". Mención de responsabilidad tomada de la contraportada | ||
| 505 | 0 | _aMacbeth -- La tempestad | |
| 650 | 1 | 4 |
_aCuentos ingleses _ySiglo XVI _2ARMARC _969373 |
| 700 | 1 |
_aLamb, Mary, _d1764-1847 _969374 |
|
| 700 | 1 |
_aRoa, Jorge, _etraductor _963417 |
|
| 700 | 1 |
_aGonzález Torres, Henry Javier _eilustrador _939042 |
|
| 700 | 1 |
_aGranada, Nancy, _eilustrador |
|
| 700 | 1 |
_aMoreno, Martín, _ecompilador _919773 |
|
| 942 |
_2ddc _cBK |
||
| 999 |
_c60657 _d60657 |
||